000 00366 a2200157 4500
001 190481
020 _a978-85-61167-16-5
040 _cMagnum
100 _aCoelho, Ronaldo Simões
240 1 0 _aDois chapéus vermelhinhos
_lpor
245 1 0 _aDois chapéus vermelhinhos
300 _a28
362 0 _a2010
697 _aLITERATURA INFANTO-JUVENIL
942 _cBK
999 _c190481
_d190481